01221nam a22002777a 450000100060000000300080000600500170001400800410003103500190007204000350009104100080012608200330013410000210016724501880018826000760037630000390045250200840049150400360057565000350061165000290064670000350067570000490071094200130075999900170077295201540078983286BD-RjUL20240310174410.0240310s1980 bg a|||| m||| 00| 0 eng d a(BD-RjUL)83286 aBD-RjULbengcBD-RjULdBD-RjUL aeng 223a338.6340954924bISE 1980 aIslam, M. Saiful10aAn economic analysis of handloon weaving industry :bA case study of two areas in Pabna District /cBy M. Saiful Islam ;6Supervisor : M.A. Hamid, Co-Supervisor : A.K.M. Serajul Islam aRajshahi :bInstitute of Bangladesh Studies, Rajshahi University,c1980 axvii, 199 leaves :bill, ;c29.cm. aThesis (M. Phil.) -- Institute of Bangladesh Studies, Rajshahi University, 1980 aBibliography : Leaves 196 - 199 aCottage industryxPabna912179 aWeavingzBangladesh9927 aHamid, M.A. Supervisor 912180 aIslam, A.K.M. Serajul, Co-Supervisor 912181 2ddccTHE c83286d83286 102ddc40718THESESaRUCLbRUCLcDoc/Thed1989-03-30eController of Exam. R.U.l0oTHE 338.6340954924 ISE 1980pD1130r2024-03-10 00:00:00tC-1yTHE